Catálogo público

Perfil mineral en suelo, forraje, agua y sangre de bovinos en pastoreo en dos épocas y dos condiciones climáticas en Molango, Hidalgo / (Record no. 220796)

MARC details
000 -CABECERA
campo de control de longitud fija 03652nam a2200349 a 4500
003 - IDENTIFICADOR DEL NÚMERO DE CONTROL
campo de control OSt
005 - FECHA Y HORA DE LA ÚLTIMA TRANSACCIÓN
campo de control 20250821104201.0
007 - CAMPO FIJO DE DESCRIPCIÓN FÍSICA--INFORMACIÓN GENERAL
campo de control de longitud fija cr ||||||a|a|a
008 - DATOS DE LONGITUD FIJA--INFORMACIÓN GENERAL
campo de control de longitud fija 250812s2025 mx a|||fom||| 001 0 spa d
040 ## - FUENTE DE LA CATALOGACIÓN
Normas de descripción rda
100 1# - ENTRADA PRINCIPAL--NOMBRE DE PERSONA
Nombre de persona Cabrera Larios, Víctor
9 (RLIN) 190845
245 10 - MENCIÓN DE TÍTULO
Título Perfil mineral en suelo, forraje, agua y sangre de bovinos en pastoreo en dos épocas y dos condiciones climáticas en Molango, Hidalgo /
Mención de responsabilidad, etc. por Víctor Cabrera Larios; director de tesis Enrique Cortés Díaz; secretario César Cortez Romero; vocal Martínez Hernández Pedro Arturo; suplente José Luis Zaragoza Ramírez; suplente Melitón Córdoba Álvarez.
264 #1 - PRODUCCIÓN, PUBLICACIÓN, DISTRIBUCIÓN, FABRICACIÓN Y COPYRIGHT
Producción, publicación, distribución, fabricación y copyright Chapingo, México :
Nombre del de productor, editor, distribuidor, fabricante El autor,
Fecha de producción, publicación, distribución, fabricación o copyright 2024.
300 ## - DESCRIPCIÓN FÍSICA
Extensión 1 recurso en línea (81 páginas):
Otras características físicas cuadros, figuras.
336 ## - TIPO DE CONTENIDO
Fuente rdacontent
Término de tipo de contenido texto
Código de tipo de contenido txt
337 ## - TIPO DE MEDIO
Fuente rdamedia
Nombre/término del tipo de medio computadora
Código del tipo de medio c
338 ## - TIPO DE SOPORTE
Fuente rdacarrier
Nombre/término del tipo de soporte recurso en línea
Código del tipo de soporte cr
502 ## - NOTA DE TESIS
Tipo de título Ingeniero Agrónomo Especialista en Fitotecnia
Nombre de la institución que otorga el título Departamento de Enseñanza, Investigación y Servicio en Zootecnia,
Año de obtención del título 2024.
Información miscelánea Licenciatura
504 ## - NOTA DE BIBLIOGRAFÍA, ETC.
Nota de bibliografía, etc. Incluye referencias bibliográficas: páginas 45-49.
520 ## - SUMARIO, ETC.
Sumario, etc. El objetivo del estudio fue determinar el contenido de calcio (Ca), fósforo (P), magnesio (Mg), potasio (K), sodio (Na), iodo (I), cobalto (Co), cobre (Cu), zinc (Zn) y selenio (Se) en muestras de forraje, suelo, agua y sangre de bovinos en pastoreo de dos Sitios con condiciones climáticas distintas (clima templado y cálido), en época seca y lluviosa en Molango, Hidalgo. En cada Sitio se estableció una estación meteorológica para medir datos de precipitación y temperatura. Se colectaron tres repeticiones por muestra de forraje, suelo, agua y sangre de bovinos (hembras adultas). Los análisis minerales se realizaron mediante un equipo espectroscopía de emisión atómica de inducción por plasma acoplado 8 Agilent, ICP OES (Optical Emission Spectrometer, 725-ES, EE.UU). El contenido mineral en forraje, suero sanguíneo y agua presentó diferencias (p<0.05) entre épocas, en suelo las concentraciones de Ca, Mg, P, K, Cu, Fe y Se fueron semejantes (p>0.05) en épocas, en suero sanguíneo la concentración de P, Mg, K, Na, Cu, Fe y Zn fue mayor en los bovinos del Sitio 2 (p<0.05). Los forrajes de ambos Sitios fueron deficientes para satisfacer el mínimo requerimiento en bovinos en Mg, Cu, en el Sitio 1, Zn fue deficiente en ambas épocas. En la época seca las concentraciones de Ca, P, Mg, I y Fe fueron menores respecto a la época lluviosa (p<0.05). Las concentraciones de Na, Se y Zn fueron menores en la época seca. La concentración de Cu, Se y Zn en suero sanguíneo fue deficiente, las concentraciones de P, Mg, Na, Cu, Fe, Se y Zn fueron mayores en el suero sanguíneo de los animales del Sitio 2 (p<0.05), mientras que en el Sitio 1 la concentración de Ca en suero sanguíneo fue mayor(p<0.05). El tipo de suelo, pH y las variables climáticas influyeron en la absorción y disponibilidad de nutrientes en ambas épocas del año afectando la interacción suelo-planta-animal, disminuyendo la capacidad reproductiva de los bovinos.
650 #4 - PUNTO DE ACCESO ADICIONAL DE MATERIA--TÉRMINO DE MATERIA
Término de materia o nombre geográfico como elemento de entrada Forrajes
Subdivisión general Elementos minerales
9 (RLIN) 42570
650 #4 - PUNTO DE ACCESO ADICIONAL DE MATERIA--TÉRMINO DE MATERIA
Término de materia o nombre geográfico como elemento de entrada Minerales en alimentación del ganado
9 (RLIN) 142648
650 #4 - PUNTO DE ACCESO ADICIONAL DE MATERIA--TÉRMINO DE MATERIA
Término de materia o nombre geográfico como elemento de entrada Ganado
Subdivisión general Elementos minerales
9 (RLIN) 44908
650 #4 - PUNTO DE ACCESO ADICIONAL DE MATERIA--TÉRMINO DE MATERIA
Término de materia o nombre geográfico como elemento de entrada Sangre
Subdivisión general Análisis y química
9 (RLIN) 102211
700 1# - PUNTO DE ACCESO ADICIONAL--NOMBRE DE PERSONA
Nombre de persona Cortés Díaz, Enrique
9 (RLIN) 28347
700 1# - PUNTO DE ACCESO ADICIONAL--NOMBRE DE PERSONA
Nombre de persona Cortez Romero, César
9 (RLIN) 28305
Término indicativo de función/relación secretario.
700 1# - PUNTO DE ACCESO ADICIONAL--NOMBRE DE PERSONA
Nombre de persona Martínez Hernández, Pedro Arturo
9 (RLIN) 72165
Término indicativo de función/relación vocal.
700 0# - PUNTO DE ACCESO ADICIONAL--NOMBRE DE PERSONA
Nombre de persona Zaragoza Ramírez, José Luis
9 (RLIN) 123684
Término indicativo de función/relación suplente.
700 1# - PUNTO DE ACCESO ADICIONAL--NOMBRE DE PERSONA
Nombre de persona Córdoba Álvarez, Melitón
Término indicativo de función/relación suplente.
9 (RLIN) 27815
856 ## - LOCALIZACIÓN Y ACCESO ELECTRÓNICOS
Identificador Uniforme del Recurso http://10.13.5.2/tesis/tl/1910258-1_CABRERA_LARIOS_VICTOR.pdf
Nota pública DESCARGAR PDF
942 ## - ELEMENTOS DE PUNTO DE ACCESO ADICIONAL (KOHA)
Fuente del sistema de clasificación o colocación Clasificación Universidad Autónoma Chapingo
Tipo de ítem Koha Tesis digital
Holdings
Estado de retiro Estado de pérdida Fuente del sistema de clasificación o colocación Estado dañado Restricciones de uso No para préstamo Código de colección Localización permanente Ubicación/localización actual Ubicación en estantería Fecha de adquisición Total de préstamos Signatura topográfica completa Fecha visto por última vez Precio válido a partir de Tipo de ítem Koha
    Clasificación Universidad Autónoma de Chapingo   Préstamo interno   Tesis digitales de Licenciatura Biblioteca Digital Biblioteca Digital En línea 12/08/2025   Tesis digital 12/08/2025 12/08/2025 Tesis digital